[Event "10th Lost Boys op"]
[Site "Amsterdam NED"]
[Date "2002.08.04"]
[Round "9.23"]
[White "Boersma, Jan"]
[Black "Wiersma, Eelke"]
[Result "1-0"]
[WhiteElo "2230"]
[BlackElo "2382"]
[EventDate "2002.07.26"]
[PlyCount "43"]

1.e4 e6 2.d4 b6 3.Nf3 Bb7 4.Bd3 c5 5.c3 g6 6.O-O Bg7 7.Bf4 Nf6 8.Re1 cxd4 
9.cxd4 O-O 10.Bd6 Re8 11.Nc3 Bf8 12.Nb5 Nc6 13.Bxf8 Rxf8 14.Nd6 Qc7 15.e5 
Ne8 16.Qd2 Kg7 17.d5 exd5 18.Nf5+ Kg8 19.Qh6 f6 20.exf6 gxf5 21.Rxe8 d6 
22.Qxf8# 1-0

[Event "10th Lost Boys op"]
[Site "Amsterdam NED"]
[Date "2002.08.04"]
[Round "9.24"]
[White "Jens, Jelmer"]
[Black "Wustefeld, Emile"]
[Result "1/2-1/2"]
[WhiteElo "2369"]
[BlackElo "2295"]
[EventDate "2002.07.26"]
[PlyCount "120"]

1.e4 e6 2.d4 d5 3.Nd2 Nf6 4.e5 Nfd7 5.c3 c5 6.Bd3 Nc6 7.Ne2 Qb6 8.Nf3 cxd4
9.cxd4 f6 10.exf6 Nxf6 11.O-O Bd6 12.Nc3 O-O 13.Be3 Qd8 14.Rc1 Qe8 15.Re1 
Qh5 16.h3 Bd7 17.Be2 Qg6 18.Bd3 Qh5 19.Be2 Qg6 20.a3 Rad8 21.Bd3 Qh5 22.
Be2 Qg6 23.Bd3 Qh5 24.b4 a6 25.Be2 Qg6 26.Bd3 Qh5 27.Be2 Qg6 28.Kh1 Kh8 
29.Na4 e5 30.dxe5 Nxe5 31.Nc5 Bc8 32.Qc2 Bf5 33.Qb2 Nxf3 34.Bxf3 Qf7 35.
Bg5 Bb8 36.Bh4 Rde8 37.Qd4 Rxe1+ 38.Rxe1 Re8 39.Rxe8+ Qxe8 40.g4 Qe1+ 41.
Kg2 Be5 42.Qe3 Qxe3 43.fxe3 Bc8 44.Nd3 Bd6 45.Bxf6 gxf6 46.Bxd5 a5 47.Kf3 
Kg7 48.Ke4 h5 49.gxh5 axb4 50.axb4 Bxh3 51.Kd4 Bf1 52.Nf4 Bxb4 53.Bxb7 Bd6
54.Ke4 Be5 55.Kf5 Bc3 56.Bf3 Bc4 57.Bd5 Bf1 58.Ne6+ Kh6 59.Bf3 Bd3+ 60.e4 
Ba6 1/2-1/2

[Event "10th Lost Boys op"]
[Site "Amsterdam NED"]
[Date "2002.08.04"]
[Round "9.26"]
[White "Rebers, Eugene"]
[Black "Wemmers, Xander"]
[Result "1-0"]
[WhiteElo "2351"]
[BlackElo "2274"]
[EventDate "2002.07.26"]
[PlyCount "87"]

1.Nf3 d5 2.b3 c5 3.c4 d4 4.e3 Nc6 5.exd4 cxd4 6.d3 e5 7.g3 Bd6 8.Bg2 Nf6 
9.O-O O-O 10.Na3 Re8 11.Nc2 h6 12.a3 a5 13.Rb1 Bg4 14.h3 Bh5 15.g4 Bg6 16.
Nh4 Bh7 17.Nf5 Bxf5 18.gxf5 e4 19.Re1 exd3 20.Rxe8+ Qxe8 21.Qxd3 Rd8 22.
Bb2 Qe5 23.Kf1 Qh2 24.Ne1 Nh5 25.Rd1 Ne5 26.Qe4 Nf4 27.Rxd4 Nxh3 28.Qh4 
Qg1+ 29.Ke2 Re8 30.Re4 Ng5 31.Re3 f6 32.Qh5 Re7 33.Bd4 Bxa3 34.Bxe5 fxe5 
35.f6 Bb4 36.Bd5+ Kh7 37.Nd3 gxf6 38.Rg3 Qb1 39.Be4+ Kg8 40.Qg6+ Rg7 41.
Qe8+ Bf8 42.Bd5+ Kh7 43.Qxf8 Qc2+ 44.Ke3 1-0

[Event "10th Lost Boys op"]
[Site "Amsterdam NED"]
[Date "2002.08.04"]
[Round "9.28"]
[White "Riemens, Albert"]
[Black "Roobol, Martin"]
[Result "0-1"]
[WhiteElo "2225"]
[BlackElo "2338"]
[EventDate "2002.07.26"]
[PlyCount "54"]

1.e4 d6 2.d4 Nf6 3.Nc3 g6 4.Bg5 Bg7 5.Qd2 h6 6.Bh4 g5 7.Bg3 Nh5 8.O-O-O e6
9.Be2 Nxg3 10.hxg3 Nc6 11.Bb5 Bd7 12.Nge2 Qe7 13.f4 a6 14.Bxc6 Bxc6 15.d5 
exd5 16.exd5 Bd7 17.Nd4 O-O-O 18.Qd3 Kb8 19.Rhe1 Qf6 20.Qc4 Rde8 21.Rxe8+ 
Rxe8 22.Nc6+ Kc8 23.Nb4 gxf4 24.gxf4 Bb5 25.Qb3 Qxf4+ 26.Kb1 Qg4 27.Rc1 
Re3 0-1

[Event "10th Lost Boys op"]
[Site "Amsterdam NED"]
[Date "2002.08.04"]
[Round "9.30"]
[White "Van Haastert, Edwin"]
[Black "Nicolai, Erik"]
[Result "1-0"]
[WhiteElo "2427"]
[BlackElo "2238"]
[EventDate "2002.07.26"]
[PlyCount "77"]

1.Nf3 Nf6 2.c4 g6 3.Nc3 d5 4.cxd5 Nxd5 5.Qa4+ Nc6 6.Qh4 Ndb4 7.Rb1 Nc2+ 8.
Kd1 N2d4 9.Nxd4 Nxd4 10.e3 Nf5 11.Qa4+ Bd7 12.Bb5 c6 13.Be2 Bg7 14.g4 Nd6 
15.h4 b5 16.Qc2 Qb6 17.h5 Rc8 18.b3 c5 19.hxg6 hxg6 20.Rxh8+ Bxh8 21.Bb2 
Qc6 22.e4 f5 23.gxf5 gxf5 24.d3 Bd4 25.Nd5 e6 26.Nf6+ Ke7 27.Qd2 Bxf6 28.
e5 c4 29.Qh6 Nf7 30.Qxf6+ Ke8 31.Ba3 Qh1+ 32.Kd2 Qh6+ 33.Qxh6 Nxh6 34.bxc4
bxc4 35.dxc4 Bc6 36.Rg1 Ng4 37.Bd6 Ba4 38.f3 Nh2 39.c5 1-0

[Event "10th Lost Boys op"]
[Site "Amsterdam NED"]
[Date "2002.08.04"]
[Round "9.31"]
[White "Salakhutdinov, Ildar"]
[Black "Prakken, Gerrit"]
[Result "1/2-1/2"]
[WhiteElo "2238"]
[BlackElo "2290"]
[EventDate "2002.07.26"]
[PlyCount "36"]

1.e4 e5 2.Nf3 Nc6 3.Bc4 Nf6 4.d3 Be7 5.Bb3 O-O 6.h3 d6 7.c3 Na5 8.Bc2 c5 
9.O-O Nc6 10.Re1 Qc7 11.Nbd2 h6 12.Nf1 Be6 13.Ne3 Rfe8 14.Nh2 d5 15.Qf3 
dxe4 16.dxe4 Nd4 17.cxd4 cxd4 18.Bb3 dxe3 1/2-1/2

[Event "10th Lost Boys op"]
[Site "Amsterdam NED"]
[Date "2002.08.04"]
[Round "9.32"]
[White "Vogel, Jaap"]
[Black "De Saegher, Chris"]
[Result "1/2-1/2"]
[WhiteElo "2266"]
[BlackElo "2217"]
[EventDate "2002.07.26"]
[PlyCount "23"]

1.Nf3 Nf6 2.g3 g6 3.d4 Bg7 4.Bg2 O-O 5.O-O d6 6.b3 e5 7.Bb2 e4 8.Ng5 Re8 
9.c4 Bf5 10.Nc3 c6 11.f3 exf3 12.exf3 1/2-1/2

[Event "10th Lost Boys op"]
[Site "Amsterdam NED"]
[Date "2002.08.04"]
[Round "9.34"]
[White "Roebers, Jan"]
[Black "Michielsen, Joost"]
[Result "0-1"]
[WhiteElo "2250"]
[BlackElo "2163"]
[EventDate "2002.07.26"]
[PlyCount "68"]

1.e4 c5 2.Nf3 d6 3.d4 cxd4 4.Nxd4 Nf6 5.Nc3 a6 6.f4 e6 7.a4 Be7 8.Be2 Nc6 
9.Be3 Qc7 10.O-O O-O 11.Kh1 Rd8 12.Nb3 b6 13.Qe1 Nb4 14.Qf2 Rb8 15.Bf3 Nd7
16.Rad1 Nc5 17.a5 bxa5 18.Nxc5 dxc5 19.Rxd8+ Bxd8 20.Rd1 Be7 21.Na4 c4 22.
Bc5 Bxc5 23.Qxc5 Qxc5 24.Nxc5 Kf8 25.Rd8+ Ke7 26.Rg8 Nxc2 27.h4 Nd4 28.
Nxa6 c3 29.bxc3 Rb1+ 30.Kh2 Nxf3+ 31.Kg3 Bxa6 32.Kxf3 a4 33.Ra8 Rb6 34.
Ra7+ Kd6 0-1

[Event "10th Lost Boys op"]
[Site "Amsterdam NED"]
[Date "2002.08.04"]
[Round "9.35"]
[White "Wunnink, Michael"]
[Black "Tan, Kevin"]
[Result "1-0"]
[WhiteElo "2255"]
[BlackElo "2165"]
[EventDate "2002.07.26"]
[PlyCount "61"]

1.d4 Nf6 2.c4 g6 3.Nc3 Bg7 4.e4 d6 5.Be2 O-O 6.Bg5 c5 7.d5 b5 8.cxb5 a6 9.
a4 Qa5 10.Bd2 axb5 11.Bxb5 Ba6 12.Ra3 Bxb5 13.axb5 Qb4 14.Rxa8 Nxe4 15.
Nge2 Nxd2 16.Qxd2 Qg4 17.O-O Be5 18.h3 Qf5 19.f4 Bf6 20.Ng3 Qc8 21.Nge4 
Bg7 22.Rfa1 Qb7 23.R1a7 Qb6 24.Rxe7 Nd7 25.Rxf8+ Nxf8 26.Re8 c4+ 27.Kh2 h6
28.Qf2 Bd4 29.Qh4 Qa5 30.Qxh6 Qa1 31.Rxf8# 1-0

[Event "10th Lost Boys op"]
[Site "Amsterdam NED"]
[Date "2002.08.04"]
[Round "9.36"]
[White "Klinova, Masha"]
[Black "Bertrem, Stijn"]
[Result "1-0"]
[WhiteElo "2407"]
[BlackElo "2220"]
[EventDate "2002.07.26"]
[PlyCount "71"]

1.e4 e6 2.d3 d5 3.Nd2 Nf6 4.Ngf3 Nc6 5.c3 e5 6.Be2 Be7 7.O-O O-O 8.b4 a6 
9.a3 Re8 10.Bb2 Bf8 11.Re1 g6 12.Bf1 Bg7 13.Qc2 b6 14.a4 dxe4 15.dxe4 Bb7 
16.b5 Na5 17.c4 Nd7 18.Nb1 Nc5 19.Nc3 c6 20.bxc6 Bxc6 21.Nd5 Rb8 22.Red1 
Qc8 23.Bc3 Nab3 24.Ra3 Nd4 25.Nxd4 exd4 26.Bxd4 Bxd5 27.cxd5 Rxe4 28.Bxg7 
Kxg7 29.a5 Qb7 30.axb6 Qxb6 31.Rc3 Na4 32.Rc6 Qb4 33.d6 Rd8 34.d7 Qe7 35.
Rc8 Rb4 36.Qc7 1-0

[Event "10th Lost Boys op"]
[Site "Amsterdam NED"]
[Date "2002.08.04"]
[Round "9.37"]
[White "Helvensteijn, Dennis"]
[Black "Span, Paul"]
[Result "1-0"]
[WhiteElo "2242"]
[BlackElo "2294"]
[EventDate "2002.07.26"]
[PlyCount "151"]

1.e4 c5 2.c3 d5 3.exd5 Qxd5 4.d4 Nf6 5.Nf3 Bg4 6.Be2 e6 7.h3 Bh5 8.O-O Nc6
9.Be3 cxd4 10.cxd4 Be7 11.Nc3 Qd6 12.a3 O-O 13.Qd2 Rac8 14.b4 Rfd8 15.Rfd1
Bg6 16.Bf4 Qd7 17.Qe3 Nd5 18.Nxd5 Qxd5 19.Rac1 Qe4 20.Kf1 Bf6 21.Ne5 Qxe3 
22.fxe3 Bxe5 23.dxe5 Be4 24.Bf3 Bxf3 25.gxf3 Rxd1+ 26.Rxd1 Rd8 27.Rxd8+ 
Nxd8 28.Ke2 b5 29.Kd3 Nc6 30.Bg3 Kf8 31.f4 Ke8 32.Be1 Kd7 33.Bc3 Ne7 34.
Be1 Nd5 35.Bd2 Nb6 36.Bc1 Kc6 37.Kd4 Nc8 38.Bd2 Ne7 39.Be1 Kb6 40.Kd3 Nc6 
41.Bc3 Kc7 42.Ke4 a6 43.Be1 Ne7 44.Kd4 Kc6 45.Bf2 Ng6 46.Be1 f6 47.exf6 
gxf6 48.Ke4 f5+ 49.Kd4 Kd6 50.Bg3 Ne7 51.e4 Nc6+ 52.Kd3 a5 53.bxa5 Nxa5 
54.Be1 Nc6 55.Bb4+ Kd7 56.Bc5 Ke8 57.Bf2 Kf7 58.Bg3 Kg6 59.Ke3 Kf7 60.Be1 
Kg6 61.Bg3 Na5 62.exf5+ Kxf5 63.Kd4 Nb7 64.Kc3 Ke4 65.Kb4 Kf3 66.Be1 Kxf4 
67.Kxb5 Nd6+ 68.Kc6 Nc4 69.a4 e5 70.Kb5 Nd6+ 71.Kc6 Nc4 72.Kc5 Nb2 73.a5 
Nd3+ 74.Kd5 Nxe1 75.a6 Nc2 76.a7 1-0

[Event "10th Lost Boys op"]
[Site "Amsterdam NED"]
[Date "2002.08.04"]
[Round "9.38"]
[White "Van der Spek, Hein Piet"]
[Black "De Roda Husman, Juan"]
[Result "1/2-1/2"]
[WhiteElo "2243"]
[BlackElo "2281"]
[EventDate "2002.07.26"]
[PlyCount "60"]

1.e4 c5 2.Nf3 e6 3.d3 d5 4.Nbd2 Nc6 5.g3 Bd6 6.Bg2 Nge7 7.O-O O-O 8.Nh4 
Bc7 9.f4 Ng6 10.Nxg6 hxg6 11.e5 Rb8 12.Re1 b5 13.Bh3 c4 14.Nf3 cxd3 15.
cxd3 d4 16.Bd2 a5 17.Rc1 Ne7 18.Ng5 Bb6 19.Qg4 Nf5 20.Bg2 Bd7 21.Qh3 Nh6 
22.Be4 Qe7 23.g4 Rfc8 24.Bf3 Rxc1 25.Rxc1 Rc8 26.Qf1 Rxc1 27.Qxc1 f6 28.
Ne4 fxe5 29.fxe5 Nf7 30.Bf4 Qb4 1/2-1/2

[Event "10th Lost Boys op"]
[Site "Amsterdam NED"]
[Date "2002.08.04"]
[Round "9.39"]
[White "Muhren, Willem"]
[Black "Willemsen, Jos"]
[Result "0-1"]
[WhiteElo "2182"]
[BlackElo "2280"]
[EventDate "2002.07.26"]
[PlyCount "128"]

1.e4 c5 2.d3 e6 3.g3 d5 4.Nd2 Nc6 5.Bg2 Nf6 6.Ngf3 dxe4 7.dxe4 Be7 8.O-O 
O-O 9.c3 Qc7 10.Qe2 b6 11.b3 a5 12.a4 Ba6 13.Nc4 e5 14.Rd1 Rfd8 15.Bb2 
Rxd1+ 16.Rxd1 Rd8 17.Rxd8+ Bxd8 18.Bh3 Be7 19.Qd3 h6 20.Ne1 b5 21.axb5 
Bxb5 22.Nc2 Qb8 23.N2a3 Ba6 24.Qc2 Qd8 25.Bf1 Qb8 26.f3 Bc8 27.Ne3 Be6 28.
Bc4 Bxc4 29.Naxc4 Ne8 30.Nd5 Bd8 31.Ba3 Qb5 32.Qf2 a4 33.Nb2 axb3 34.Qxc5 
Qxc5+ 35.Bxc5 Nc7 36.Kf2 f6 37.Ke2 Kf7 38.Kd3 Ne6 39.Be3 Na5 40.h3 Be7 41.
Nxe7 Kxe7 42.Bb6 Nb7 43.h4 h5 44.Kc4 g5 45.Be3 g4 46.fxg4 hxg4 47.Nd3 Nd6+
48.Kd5 Nc7+ 49.Kc6 Nxe4 50.Kxc7 Nxc3 51.Kc6 Ne4 52.Bc1 Nxg3 53.Ba3+ Kf7 
54.Nc1 Nf5 55.Kd5 Nd4 56.Ke4 g3 57.Ke3 f5 58.Ne2 f4+ 59.Kd3 Nxe2 60.Kxe2 
e4 61.h5 f3+ 62.Ke3 g2 63.Kf2 e3+ 64.Kg1 e2 0-1

[Event "10th Lost Boys op"]
[Site "Amsterdam NED"]
[Date "2002.08.04"]
[Round "9.40"]
[White "Piceu, Tom"]
[Black "Plasman, Hans"]
[Result "0-1"]
[WhiteElo "2173"]
[BlackElo "2255"]
[EventDate "2002.07.26"]
[PlyCount "70"]

1.d4 Nf6 2.c4 g6 3.Nc3 Bg7 4.e4 d6 5.f4 O-O 6.Nf3 c5 7.d5 b5 8.cxb5 a6 9.
Qc2 e6 10.dxe6 fxe6 11.Be2 axb5 12.Bxb5 Qb6 13.Bc4 Nc6 14.O-O Na5 15.Be2 
Nb3 16.Rb1 Nd4 17.Qd1 Nxe2+ 18.Qxe2 Ba6 19.Qc2 Bxf1 20.Kxf1 d5 21.e5 Ng4 
22.h3 Nh6 23.g4 d4 24.Ne4 Qa6+ 25.Kg2 Qxa2 26.Nfg5 Nf7 27.h4 Nxg5 28.Nxg5 
c4 29.Bd2 c3 30.Nxh7 Qd5+ 31.Kg3 Kxh7 32.h5 d3 33.hxg6+ Kxg6 34.Qxc3 Rac8 
35.Qb4 Bxe5 0-1

[Event "10th Lost Boys op"]
[Site "Amsterdam NED"]
[Date "2002.08.04"]
[Round "9.41"]
[White "Van der Elburg, Freddie"]
[Black "Markus, John Raymond"]
[Result "1/2-1/2"]
[WhiteElo "2275"]
[BlackElo "2247"]
[EventDate "2002.07.26"]
[PlyCount "60"]

1.c4 c5 2.g3 g6 3.Bg2 Bg7 4.e3 Nc6 5.Ne2 e5 6.Nbc3 Nge7 7.O-O O-O 8.b3 d6 
9.Bb2 a6 10.Nd5 Rb8 11.d4 exd4 12.exd4 Nf5 13.Qd2 Nfxd4 14.h3 Be6 15.Nef4 
Re8 16.Rfe1 b5 17.cxb5 axb5 18.Rad1 b4 19.Ba1 Be5 20.Kh2 Bg7 21.Ne3 Rc8 
22.Nfd5 h5 23.Nc4 Ne5 24.Bxd4 Nxc4 25.bxc4 Bxd4 26.Nxb4 Bxc4 27.Nc6 Qf6 
28.Rxe8+ Rxe8 29.Nxd4 cxd4 30.Qxd4 Qxd4 1/2-1/2

[Event "10th Lost Boys op"]
[Site "Amsterdam NED"]
[Date "2002.08.04"]
[Round "9.42"]
[White "Theulings, Paul-Peter"]
[Black "Ryan, Joseph"]
[Result "0-1"]
[WhiteElo "2133"]
[BlackElo "2289"]
[EventDate "2002.07.26"]
[PlyCount "86"]

1.Nf3 Nf6 2.c4 e6 3.Nc3 Bb4 4.g3 O-O 5.Bg2 d5 6.cxd5 exd5 7.d4 c6 8.O-O 
Bf5 9.Bd2 Bd6 10.Nh4 Be6 11.Qc2 Re8 12.Nf5 Bf8 13.Rfe1 Nbd7 14.b4 Nb6 15.
Rab1 Nc4 16.Bc1 Qd7 17.Nh4 Bh3 18.Rb3 b5 19.Bg5 Bxg2 20.Kxg2 Ne4 21.Bc1 a5
22.a3 Nxc3 23.Qxc3 axb4 24.axb4 Ra2 25.Qd3 Qe7 26.Nf5 Qe4+ 27.Qxe4 Rxe4 
28.e3 Re8 29.Kf3 g6 30.Nh4 Ra4 31.e4 Rxb4 32.Rd3 dxe4+ 33.Rxe4 Rxe4 34.
Kxe4 Rb1 35.Bg5 b4 36.d5 c5 37.Bf4 Nd6+ 38.Bxd6 Bxd6 39.Nf3 c4 40.Rd4 f5+ 
41.Ke3 Bc5 42.d6 Rb3+ 43.Ke2 Bxd4 0-1

[Event "10th Lost Boys op"]
[Site "Amsterdam NED"]
[Date "2002.08.04"]
[Round "9.44"]
[White "Leuw, Micha"]
[Black "Willemze, Thomas"]
[Result "1/2-1/2"]
[WhiteElo "2220"]
[BlackElo "2253"]
[EventDate "2002.07.26"]
[PlyCount "102"]

1.e4 e6 2.d4 d5 3.e5 c5 4.c3 Bd7 5.a3 a5 6.a4 Qb6 7.Na3 cxd4 8.cxd4 Bb4+ 
9.Ke2 Nc6 10.Be3 f6 11.f4 fxe5 12.fxe5 Nge7 13.Nf3 Nf5 14.Nc2 O-O 15.Kf2 
Be8 16.Bd3 Bh5 17.Bxf5 Rxf5 18.Rf1 Bxf3 19.gxf3 Raf8 20.Kg2 Be7 21.Qd3 Qc7
22.Bd2 Bd8 23.f4 Qf7 24.Rf3 g5 25.Raf1 gxf4 26.Bxf4 Kh8 27.Bg3 Rxf3 28.
Rxf3 Qxf3+ 29.Qxf3 Rxf3 30.Kxf3 Bb6 31.Bf2 Kg7 32.Be3 Kg6 33.Kg4 Ba7 34.
Kf3 Kf5 35.Bf2 Bb6 36.Ne3+ Kg6 37.Nc2 Bd8 38.Kg4 Bg5 39.b3 Bd2 40.Bg1 h5+ 
41.Kf3 Kf5 42.Bf2 Bf4 43.h3 Bd2 44.Bh4 Bc3 45.Ke3 Bb4 46.Kf3 Bd2 47.Bf2 
Kg5 48.Ke2 Bc3 49.Kf3 Ne7 50.Na3 Ng6 51.Nb5 Bb4 1/2-1/2

[Event "10th Lost Boys op"]
[Site "Amsterdam NED"]
[Date "2002.08.04"]
[Round "9.45"]
[White "Kohler, Aran"]
[Black "Thorhallsson, Gylfi"]
[Result "1/2-1/2"]
[WhiteElo "2298"]
[BlackElo "2250"]
[EventDate "2002.07.26"]
[PlyCount "146"]

1.Nh3 d5 2.g3 e5 3.f3 Nf6 4.Nf2 c5 5.Bg2 Nc6 6.e3 Be7 7.d3 O-O 8.Qe2 Be6 
9.c3 Qd7 10.b3 Rac8 11.Bb2 Ne8 12.Nd2 Nd6 13.O-O f5 14.Rad1 f4 15.exf4 
exf4 16.Rfe1 Bf7 17.Bh3 Nf5 18.gxf4 Rce8 19.Qf1 Bg6 20.Nde4 Qc7 21.Ng5 
Bxg5 22.Bxf5 Rxf5 23.Rxe8+ Bxe8 24.fxg5 Ne5 25.Qh3 Nxf3+ 26.Kh1 Qxh2+ 27.
Qxh2 Nxh2 28.Nh3 Ng4 29.Bc1 Rf3 30.Ng1 Rf2 31.Rd2 Bg6 32.Rxf2 Nxf2+ 33.Kg2
Nxd3 34.Bd2 Kf7 35.b4 b6 36.Ne2 Ke6 37.Nf4+ Nxf4+ 38.Bxf4 cxb4 39.cxb4 d4 
40.Kf2 b5 41.Ke2 a6 42.Bc1 Ke5 43.Bd2 Ke4 44.Bc1 Bf7 45.a3 Be6 46.Kd1 Kd3 
47.Bd2 Bg4+ 48.Kc1 Bf3 49.Bf4 Ke4 50.Bd2 Kf5 51.Kc2 Be4+ 52.Kb3 Kg6 53.a4 
Bd5+ 54.Kc2 bxa4 55.Kd3 a3 56.Kxd4 a2 57.Bc3 Bf7 58.Kd3 Kxg5 59.Bxg7 Kg4 
60.Kc2 h5 61.Kb2 h4 62.Be5 h3 63.Bd6 Kf3 64.Bc7 Kg2 65.Ka1 h2 66.Bxh2 Kxh2
67.Kb2 Kg2 68.Ka1 Kf2 69.Kb2 Ke2 70.Ka1 Kd3 71.Kb2 Kd2 72.Ka1 Kc1 73.b5 
axb5 1/2-1/2

[Event "10th Lost Boys op"]
[Site "Amsterdam NED"]
[Date "2002.08.04"]
[Round "9.46"]
[White "Happel, Hendrik"]
[Black "Blanchard, Jack"]
[Result "0-1"]
[WhiteElo "2254"]
[BlackElo "2255"]
[EventDate "2002.07.26"]
[PlyCount "118"]

1.d4 d5 2.c4 c6 3.cxd5 cxd5 4.Nf3 Nf6 5.Nc3 Nc6 6.Bf4 a6 7.e3 Bg4 8.h3 
Bxf3 9.Qxf3 e6 10.Bd3 Nb4 11.Bb1 Rc8 12.O-O Be7 13.Rc1 O-O 14.a3 Nc6 15.b4
a5 16.b5 Nb8 17.Qd1 Nbd7 18.Qb3 Nb6 19.Bd3 Bd6 20.Bg5 h6 21.Bxf6 Qxf6 22.
Na4 Nxa4 23.Qxa4 e5 24.Rd1 exd4 25.exd4 b6 26.Qb3 Rfd8 27.Bf1 h5 28.g3 h4 
29.Bg2 hxg3 30.fxg3 Rc4 31.Qe3 Rdc8 32.Rd3 Qe6 33.Qf3 Rc1+ 34.Rxc1 Rxc1+ 
35.Kh2 Qe1 36.h4 Qe7 37.Kh3 Qd7+ 38.Qg4 Qxb5 39.Rf3 Qe8 40.Rf5 Rc3 41.Rf3 
Rxa3 42.Rxa3 Bxa3 43.Bxd5 Bf8 44.Qf3 a4 45.g4 a3 46.h5 Be7 47.Qe4 Qd7 48.
h6 Bg5 49.h7+ Kh8 50.Qf3 Bf6 51.Kg2 Kxh7 52.g5 Bxg5 53.Qh5+ Bh6 54.Bxf7 
Qc6+ 55.d5 Qc2+ 56.Kg3 a2 57.Qe5 Qd3+ 58.Kg2 Qd2+ 59.Kh3 Qe3+ 0-1